[Event "4NCL 2024-25"]
[Site "England ENG"]
[Date "2025.01.26"]
[Round "4.58"]
[White "Patel, Zain"]
[Black "Banerjee, Supratit"]
[Result "0-1"]
[BlackTitle "CM"]
[WhiteElo "2079"]
[BlackElo "2287"]
[WhiteTeam "CSC/Kingston 1"]
[BlackTeam "CSC/Kingston 1"]
[WhiteFideId "469246"]
[BlackFideId "2410079"]
[EventDate "2024.11.23"]

1. Nf3 Nf6 2. b3 g6 3. Bb2 Bg7 4. g3 O-O 5. Bg2 d6 6. d4 c6 7. O-O Bf5 8. Nh4
Be6 9. e4 Qc8 10. Re1 Ne8 11. Qc1 d5 12. exd5 cxd5 13. Nf3 Nc6 14. Nc3 h6 15.
Ne2 Nf6 16. Nf4 Bf5 17. Ne5 Nb4 18. Qd2 a5 19. Ba3 Ne4 20. Bxe4 Bxe4 21. Bxb4
axb4 22. Re3 g5 23. Nfd3 f6 24. Nf3 f5 25. Nxb4 f4 26. Rc3 Qf5 27. Ne5 Bxe5 28.
dxe5 Qh3 29. f3 fxg3 30. Qg2 gxh2+ 31. Qxh2 Qxh2+ 32. Kxh2 Rxf3 33. Rxf3 Bxf3
34. Nd3 Rc8 35. Rc1 Be4 36. Nb4 Rc3 37. e6 g4 38. Kg1 Rg3+ 39. Kf2 Rf3+ 40. Ke2
h5 41. Rd1 Rf5 42. Ke3 h4 43. c4 Bf3 44. Rd4 dxc4 45. bxc4 h3 46. Nd5 Rxd5 47.
cxd5 h2 48. d6 exd6 49. e7 Kf7 0-1

[Event "4NCL 2024-25"]
[Site "England ENG"]
[Date "2025.01.26"]
[Round "4.61"]
[White "Parker, Jonathan F"]
[Black "Kovchan, Alexander"]
[Result "1/2-1/2"]
[WhiteTitle "GM"]
[BlackTitle "GM"]
[WhiteElo "2518"]
[BlackElo "2433"]
[WhiteTeam "Barbican 4NCL"]
[BlackTeam "Barnet Knights A"]
[WhiteFideId "400580"]
[BlackFideId "14103052"]
[EventDate "2024.11.23"]

1. d4 Nf6 2. c4 g6 3. Nc3 d5 4. Nf3 Bg7 5. e3 O-O 6. cxd5 Nxd5 7. Bc4 Nb6 8. Bb3
c5 9. O-O cxd4 10. exd4 Nc6 11. d5 Na5 12. Re1 Nxb3 13. Qxb3 Re8 14. Bg5 h6 15.
Bh4 g5 16. Bg3 Bxc3 17. Qxc3 Qxd5 18. Rad1 1/2-1/2

[Event "4NCL 2024-25"]
[Site "England ENG"]
[Date "2025.01.26"]
[Round "4.62"]
[White "Badacsonyi, Stanley"]
[Black "Merry, Alan B"]
[Result "1-0"]
[WhiteTitle "FM"]
[BlackTitle "IM"]
[WhiteElo "2320"]
[BlackElo "2414"]
[WhiteTeam "Barnet Knights A"]
[BlackTeam "Barbican 4NCL"]
[WhiteFideId "486973"]
[BlackFideId "418811"]
[EventDate "2024.11.23"]

1. d4 Nf6 2. c4 e6 3. Nc3 Bb4 4. e3 O-O 5. Bd2 d5 6. Nf3 b6 7. cxd5 exd5 8. Bd3
Bb7 9. O-O Bd6 10. Rc1 a6 11. Ne5 c5 12. f4 Nc6 13. Ne2 c4 14. Bb1 b5 15. Ng3
Ne7 16. Qf3 a5 17. Be1 Ra6 18. a4 bxa4 19. Nxc4 Rc6 20. Ne2 dxc4 21. e4 Rc8 22.
g4 h6 23. Ng3 Qb6 24. Bf2 Qxb2 25. Be3 Ng6 26. Nf5 Bb8 27. Rf2 Qa3 28. g5 hxg5
29. fxg5 Nh7 30. h4 Rce8 31. Rcf1 Ne7 32. Nxg7 Kxg7 33. g6 Qd6 34. gxh7 Kh8 35.
e5 Qg6+ 36. Bxg6 Bxf3 37. Bb1 Bh5 38. Bg5 Ng6 39. Rxf7 Rxf7 40. Rxf7 Re6 41. Bf5
Rb6 42. e6 Bh2+ 43. Kxh2 Rb2+ 44. Kg1 Rg2+ 45. Kxg2 Nxh4+ 46. Bxh4 Bxf7 47. Bf6# 1-0

[Event "4NCL 2024-25"]
[Site "England ENG"]
[Date "2025.01.26"]
[Round "4.63"]
[White "Panjwani, Raja"]
[Black "Villiers, Thomas"]
[Result "1/2-1/2"]
[WhiteTitle "IM"]
[BlackTitle "CM"]
[WhiteElo "2443"]
[BlackElo "2154"]
[WhiteTeam "Barbican 4NCL"]
[BlackTeam "Barnet Knights A"]
[WhiteFideId "2604493"]
[BlackFideId "427209"]
[EventDate "2024.11.23"]

1. e4 d5 2. exd5 Nf6 3. Nf3 Qxd5 4. Nc3 Qa5 5. d4 Bg4 6. h3 Bh5 7. g4 Bg6 8. Ne5
c6 9. Bc4 e6 10. h4 Be4 11. O-O Bd5 12. Nxd5 cxd5 13. Bd3 Be7 14. c3 Nbd7 15.
Nxd7 Nxd7 16. h5 b5 17. b4 Qb6 18. a4 Rc8 19. Bd2 bxa4 20. Qxa4 Rc7 21. Bb5 Bd6
22. Rfe1 Ke7 23. Bg5+ Nf6 24. Re3 h6 25. Bh4 Bf4 26. Rf3 Bd2 27. Bg3 Rxc3 28.
Qxa7+ 1/2-1/2

[Event "4NCL 2024-25"]
[Site "England ENG"]
[Date "2025.01.26"]
[Round "4.64"]
[White "Macak, Stefan"]
[Black "Taylor, Martin R"]
[Result "1/2-1/2"]
[WhiteTitle "IM"]
[BlackTitle "FM"]
[WhiteElo "2296"]
[BlackElo "2336"]
[WhiteTeam "Barnet Knights A"]
[BlackTeam "Barbican 4NCL"]
[WhiteFideId "14905531"]
[BlackFideId "407836"]
[EventDate "2024.11.23"]

1. e4 Nf6 2. e5 Nd5 3. d4 d6 4. Nf3 dxe5 5. Nxe5 c6 6. Be2 Bf5 7. O-O Nd7 8. Nf3
e6 9. c4 N5f6 10. Nc3 Bd6 11. Be3 Ne4 12. a4 O-O 13. a5 Qe7 14. Qa4 1/2-1/2

[Event "4NCL 2024-25"]
[Site "England ENG"]
[Date "2025.01.26"]
[Round "4.65"]
[White "Cox, John J"]
[Black "Mirzoeva, Elmira"]
[Result "1/2-1/2"]
[WhiteTitle "IM"]
[BlackTitle "WGM"]
[WhiteElo "2255"]
[BlackElo "2298"]
[WhiteTeam "Barbican 4NCL"]
[BlackTeam "Barnet Knights A"]
[WhiteFideId "401064"]
[BlackFideId "4127951"]
[EventDate "2024.11.23"]

1. c4 d6 2. Nc3 e5 3. g3 g6 4. Bg2 Bg7 5. e4 Ne7 6. Nge2 O-O 7. O-O Nd7 8. d4
exd4 9. Nxd4 Nc6 10. Nxc6 bxc6 11. Be3 Ne5 12. Bd4 c5 13. Bxe5 Bxe5 14. Qd2 Rb8
15. Rad1 Kh8 16. b3 a6 17. h3 f5 18. f4 Bd4+ 19. Kh2 fxe4 20. Nxe4 Bd7 21. Rde1
Kg7 22. Re2 h6 23. Rfe1 Rf7 24. Nc3 c6 25. Qd3 Bf5 26. Be4 Qf6 27. Bxf5 Qxf5 28.
Qxf5 gxf5 29. Nb1 a5 30. Re6 Rf6 31. Re7+ Rf7 32. R7e6 a4 33. Nd2 axb3 34. Nxb3
Ra8 35. R1e2 Rf6 36. Re7+ Rf7 37. R7e6 Rfa7 38. Rxd6 Rxa2 39. Rd7+ Kg8 40. Rd8+
Rxd8 41. Rxa2 Rb8 42. Nd2 Rb4 43. Rc2 Kf7 44. Nf3 h5 45. Nh4 Kf6 46. g4 fxg4 47.
hxg4 hxg4 48. Kg3 Rb1 49. Kxg4 Rg1+ 50. Kf3 1/2-1/2

[Event "4NCL 2024-25"]
[Site "England ENG"]
[Date "2025.01.26"]
[Round "4.66"]
[White "Yoon, Jacob D"]
[Black "Zhao, George"]
[Result "1-0"]
[WhiteTitle "CM"]
[BlackTitle "CM"]
[WhiteElo "2251"]
[BlackElo "2151"]
[WhiteTeam "Barnet Knights A"]
[BlackTeam "Barbican 4NCL"]
[WhiteFideId "446076"]
[BlackFideId "494607"]
[EventDate "2024.11.23"]

1. d4 e6 2. c4 Nf6 3. Nc3 Bb4 4. e3 c5 5. Bd3 Nc6 6. Ne2 cxd4 7. exd4 d5 8. cxd5
Nxd5 9. O-O O-O 10. a3 Be7 11. Bc2 b6 12. Qd3 g6 13. Bh6 Re8 14. Ba4 Bb7 15.
Rac1 Rc8 16. Rfd1 Bg5 17. Bxg5 Qxg5 18. Ne4 Qe7 19. Bb3 Red8 20. Qg3 Nf6 21.
N4c3 Na5 22. Ba2 Nc4 23. Bxc4 Rxc4 24. Nb5 Nh5 25. Qe3 Qd7 26. Nbc3 Rdc8 27. f3
Nf6 28. Nf4 Nd5 29. Ncxd5 Bxd5 30. Rxc4 Rxc4 31. Nd3 Qa4 32. Rd2 Rc2 33. Ne5
Rxd2 34. Qxd2 f6 35. Ng4 f5 36. Ne5 Qe8 37. Qb4 Qc8 38. Qe7 a6 39. Nd7 Kh8 40.
h4 Bxf3 41. gxf3 Qc1+ 42. Kg2 Qd2+ 43. Kh3 1-0

[Event "4NCL 2024-25"]
[Site "England ENG"]
[Date "2025.01.26"]
[Round "4.67"]
[White "Sowray, Peter J"]
[Black "Badacsonyi, Frankie"]
[Result "0-1"]
[WhiteTitle "FM"]
[BlackTitle "FM"]
[WhiteElo "2210"]
[BlackElo "2150"]
[WhiteTeam "Barbican 4NCL"]
[BlackTeam "Barnet Knights A"]
[WhiteFideId "400971"]
[BlackFideId "460400"]
[EventDate "2024.11.23"]

1. d4 d5 2. c4 e6 3. Nf3 Nf6 4. g3 Bb4+ 5. Nc3 O-O 6. Bg2 dxc4 7. O-O Nc6 8. a3
Be7 9. e4 a6 10. Be3 Rb8 11. Qe2 b5 12. Rad1 Na5 13. Ne5 Bb7 14. g4 Nd7 15. f4
f6 16. Nf3 Qe8 17. Bh3 Rd8 18. g5 f5 19. d5 Nc5 20. Ne5 Bd6 21. dxe6 Nxe4 22.
Nd7 Nxc3 23. bxc3 Qxe6 24. Nxf8 Rxf8 25. Qf2 Nb3 26. Rfe1 Bxa3 27. Bc1 Qc6 28.
Bg2 Qxg2+ 29. Qxg2 Bc5+ 30. Be3 Bxg2 31. Bxc5 Nxc5 32. Kxg2 Nd3 33. Re7 c5 34.
Ra7 Nxf4+ 35. Kf3 Nd3 36. Rxa6 b4 37. cxb4 cxb4 38. Ke3 f4+ 39. Kd2 f3 40. Rf1
f2 41. Rc6 Rf4 42. Rc7 b3 43. Kc3 b2 44. Rb7 Re4 45. Kd2 Rg4 0-1

[Event "4NCL 2024-25"]
[Site "England ENG"]
[Date "2025.01.26"]
[Round "4.68"]
[White "Pollack, Oscar"]
[Black "Regan, Natasha K"]
[Result "0-1"]
[BlackTitle "WIM"]
[WhiteElo "2086"]
[BlackElo "2056"]
[WhiteTeam "Barnet Knights A"]
[BlackTeam "Barbican 4NCL"]
[WhiteFideId "429414"]
[BlackFideId "403067"]
[EventDate "2024.11.23"]

1. e4 e5 2. Nf3 Nc6 3. d4 exd4 4. Nxd4 Nxd4 5. Qxd4 Ne7 6. Nc3 Nc6 7. Qe3 b6 8.
Qg3 Nb4 9. Bd3 Nxd3+ 10. cxd3 Ba6 11. Nd5 d6 12. Bg5 f6 13. Rc1 Rc8 14. Bd2 c6
15. Nf4 Qd7 16. Bc3 Kf7 17. O-O g6 18. h4 Bh6 19. Qf3 Bg7 20. h5 g5 21. h6 g4
22. Qg3 Bxh6 23. f3 Rcg8 24. Qh4 Bg5 25. Qh5+ Ke7 26. fxg4 Bc8 27. Rce1 Qxg4 28.
Qh2 h5 29. Nh3 Bh4 30. Re3 Rh6 31. Nf2 Qg5 32. e5 dxe5 33. Bxe5 Qxe3 34. Bd6+
Kd7 35. Bf4 Bg3 36. Qh3+ Qe6 37. Qxe6+ Kxe6 38. Bxh6 Be5 39. Re1 Kd5 40. Re2 h4
41. Kf1 Bf5 42. Bc1 Rg3 43. Be3 c5 44. Ne4 Rg8 45. Ke1 a6 46. b3 Rg4 47. Kf2
Bxe4 48. dxe4+ Rxe4 49. Kf3 Bd4 0-1

[Event "4NCL 2024-25"]
[Site "England ENG"]
[Date "2025.02.15"]
[Round "5.11"]
[White "Rendle, Thomas E"]
[Black "Kantor, Gergely"]
[Result "0-1"]
[WhiteTitle "IM"]
[BlackTitle "GM"]
[WhiteElo "2378"]
[BlackElo "2578"]
[WhiteTeam "The Sharks 2"]
[BlackTeam "Manx Liberty"]
[WhiteFideId "408760"]
[BlackFideId "751499"]
[EventDate "2024.11.23"]

1. d4 Nf6 2. c4 e6 3. g3 c5 4. d5 exd5 5. cxd5 d6 6. Nc3 g6 7. Bg2 Bg7 8. Nf3
O-O 9. O-O Re8 10. Bf4 Bf5 11. Nh4 Bg4 12. Qd2 Na6 13. Rfe1 c4 14. h3 Bc8 15.
Bh6 Bxh6 16. Qxh6 Nc5 17. Qf4 b5 18. b4 cxb3 19. axb3 Nh5 20. Qh6 b4 21. Nb5
Nxb3 22. Rxa7 Rxa7 23. Nxa7 Nxg3 24. Nxc8 Nxe2+ 25. Rxe2 Rxe2 26. Nf5 gxf5 27.
Nxd6 Re1+ 28. Kh2 Nd4 29. f4 Re2 30. Kh1 b3 31. Nxf7 b2 32. Nxd8 b1=Q+ 33. Kh2
Nf3+ 0-1

[Event "4NCL 2024-25"]
[Site "England ENG"]
[Date "2025.02.15"]
[Round "5.12"]
[White "Erdos, Viktor"]
[Black "Birtwistle, Nigel"]
[Result "1-0"]
[WhiteTitle "GM"]
[WhiteElo "2542"]
[BlackElo "2025"]
[WhiteTeam "Manx Liberty"]
[BlackTeam "The Sharks 2"]
[WhiteFideId "719978"]
[BlackFideId "406945"]
[EventDate "2024.11.23"]

1. d4 Nf6 2. c4 c5 3. d5 b5 4. cxb5 a6 5. e3 axb5 6. Bxb5 Qa5+ 7. Nc3 Bb7 8. Bd2
Qb6 9. a4 Nxd5 10. Nf3 Nc7 11. O-O Nc6 12. e4 e6 13. Bf4 Be7 14. Ne5 Nxe5 15.
Bxe5 Nxb5 16. Nxb5 Rc8 17. Qg4 d6 18. Qxg7 Rf8 19. Bf6 Bxe4 20. Rfe1 Bf5 21.
Rad1 Rc6 22. Bxe7 Kxe7 23. g4 Bc2 24. Rxe6+ Kxe6 25. Re1+ Kd5 26. Qxf8 Kc4 27.
Na3+ Kb3 28. Re3+ Kxa4 29. Nxc2 Qxb2 30. Qa8+ Kb5 31. Na3+ 1-0

[Event "4NCL 2024-25"]
[Site "England ENG"]
[Date "2025.02.15"]
[Round "5.13"]
[White "Bremner, Adam"]
[Black "Royal, Shreyas"]
[Result "0-1"]
[WhiteTitle "CM"]
[BlackTitle "GM"]
[WhiteElo "2140"]
[BlackElo "2465"]
[WhiteTeam "The Sharks 2"]
[BlackTeam "Manx Liberty"]
[WhiteFideId "2400847"]
[BlackFideId "448869"]
[EventDate "2024.11.23"]

1. Nf3 d5 2. g3 Nf6 3. Bg2 c5 4. O-O e6 5. d4 cxd4 6. Nxd4 Bc5 7. Nb3 Bb6 8. Nc3
Nc6 9. e4 d4 10. Ne2 e5 11. Bg5 h6 12. Bxf6 Qxf6 13. c3 O-O 14. cxd4 exd4 15.
Nf4 Be6 16. Rc1 Rfd8 17. Nxe6 Qxe6 18. a3 Qe7 19. f4 d3+ 20. Kh1 a5 21. e5 a4
22. Nd2 Rd4 23. Bxc6 bxc6 24. Qf3 Ba5 25. Rfd1 Rad8 26. Qxc6 R4d5 27. h4 Qa7 28.
Nc4 d2 29. Rb1 Qf2 30. Nxa5 Qxg3 31. Nb7 Qh3+ 32. Kg1 Rd3 33. Kf2 Qg3+ 34. Ke2
Re3+ 0-1

[Event "4NCL 2024-25"]
[Site "England ENG"]
[Date "2025.02.15"]
[Round "5.14"]
[White "Jaracz, Pawel"]
[Black "Milson, Samuel A"]
[Result "1/2-1/2"]
[WhiteTitle "GM"]
[WhiteElo "2442"]
[BlackElo "2090"]
[WhiteTeam "Manx Liberty"]
[BlackTeam "The Sharks 2"]
[WhiteFideId "1102222"]
[BlackFideId "418838"]
[EventDate "2024.11.23"]

1. c4 e5 2. g3 Nf6 3. Bg2 h6 4. d3 Bb4+ 5. Nd2 O-O 6. a3 Bxd2+ 7. Bxd2 d6 8. Bc3
c5 9. Nf3 Nc6 10. O-O Re8 11. b4 Qe7 12. e3 Bd7 13. Qc2 Rac8 14. Qb2 b6 15. b5
Nb8 16. a4 Be6 17. a5 Rc7 18. h3 Nbd7 19. Nd2 Bf5 20. e4 Bh7 21. f4 Nh5 22. Rf3
exf4 23. gxf4 f5 24. exf5 Bxf5 25. Nf1 Qh4 26. Qd2 Nf8 27. Ne3 Rf7 28. Raf1 1/2-1/2

[Event "4NCL 2024-25"]
[Site "England ENG"]
[Date "2025.02.15"]
[Round "5.15"]
[White "Lentzos, Ioanis"]
[Black "Grieve, Harry"]
[Result "0-1"]
[BlackTitle "IM"]
[WhiteElo "2117"]
[BlackElo "2472"]
[WhiteTeam "The Sharks 2"]
[BlackTeam "Manx Liberty"]
[WhiteFideId "4255470"]
[BlackFideId "426520"]
[EventDate "2024.11.23"]

1. c4 e6 2. g3 d5 3. Bg2 dxc4 4. Qa4+ c6 5. Qxc4 b5 6. Qb3 Bb7 7. a4 a6 8. Nf3
Nd7 9. d4 Ngf6 10. O-O c5 11. axb5 Bd5 12. Qc2 axb5 13. Rxa8 Qxa8 14. Nc3 Bc6
15. b3 Be7 16. dxc5 Bxc5 17. Bb2 O-O 18. Nxb5 Bxb5 19. Bxf6 Bxf2+ 20. Rxf2 Nxf6
21. Nd4 Qa1+ 0-1

[Event "4NCL 2024-25"]
[Site "England ENG"]
[Date "2025.02.15"]
[Round "5.23"]
[White "Taylor, Martin R"]
[Black "Makkar, Rajat"]
[Result "0-1"]
[WhiteTitle "FM"]
[BlackTitle "IM"]
[WhiteElo "2336"]
[BlackElo "2413"]
[WhiteTeam "Barbican 4NCL"]
[BlackTeam "The Sharks 1"]
[WhiteFideId "407836"]
[BlackFideId "36016810"]
[EventDate "2024.11.23"]

1. c4 Nf6 2. d4 e6 3. Nc3 Bb4 4. Qc2 O-O 5. a3 Bxc3+ 6. Qxc3 d5 7. Bg5 c5 8.
dxc5 d4 9. Qc2 e5 10. Rd1 h6 11. Bxf6 Qxf6 12. e4 a5 13. b4 axb4 14. axb4 Nc6
15. Rb1 Qg6 16. Ne2 f5 17. b5 Nd8 18. Ng3 f4 19. Ne2 Ne6 20. f3 Nxc5 21. Nc1 Ra3
22. Nd3 Rc3 23. Qd2 Qd6 24. Be2 Be6 25. O-O Bxc4 26. Nb4 Bxe2 27. Qxe2 d3 28.
Qf2 Nb3 29. Nd5 Rc2 30. Rxb3 Rxf2 31. Rxf2 Ra8 32. g3 Ra3 33. Rb1 Qc5 34. Kg2
Qc4 35. gxf4 Ra2 36. Rf1 Rxf2+ 37. Rxf2 exf4 38. Nxf4 Qc3 39. Nd5 Qc1 40. Rf1
Qd2+ 41. Rf2 Qg5+ 42. Kh3 Qc1 0-1

[Event "4NCL 2024-25"]
[Site "England ENG"]
[Date "2025.02.15"]
[Round "5.25"]
[White "Sowray, Peter J"]
[Black "Price, Gwilym"]
[Result "1-0"]
[WhiteTitle "FM"]
[WhiteElo "2210"]
[BlackElo "2213"]
[WhiteTeam "Barbican 4NCL"]
[BlackTeam "The Sharks 1"]
[WhiteFideId "400971"]
[BlackFideId "443980"]
[EventDate "2024.11.23"]

1. d4 Nf6 2. c4 g6 3. Nf3 Bg7 4. g3 O-O 5. Bg2 d6 6. Nc3 Nc6 7. O-O e5 8. dxe5
dxe5 9. Bg5 Be6 10. Nd2 h6 11. Bxf6 Bxf6 12. Nd5 Bg7 13. Nb3 Bc8 14. Qd2 Nd4 15.
Nxd4 exd4 16. Rac1 c6 17. Nf4 a5 18. b3 Qe7 19. c5 Re8 20. Rfe1 Bf5 21. Nd3 h5
22. h4 Bf6 23. Nf4 Kg7 24. Bf3 Red8 25. Rc4 Rd7 26. Rec1 Kh7 27. Ra4 Qd8 28. b4
axb4 29. Rxa8 Qxa8 30. Nxh5 gxh5 31. Qf4 Bg6 32. Qxf6 Qxa2 33. Bxh5 Qd5 34. Ra1
Qf5 35. Bxg6+ fxg6 36. Qxf5 gxf5 37. Rb1 Rd5 38. Rxb4 Rxc5 39. Rxb7+ Kg6 40. Rd7
Rc1+ 41. Kg2 c5 42. Kf3 Rd1 43. Rd6+ Kg7 44. Rd5 c4 45. Rxf5 c3 46. Rc5 Rc1 47.
Rc6 Rb1 48. Ke4 Rb2 49. Kxd4 Rxe2 50. f4 c2 51. g4 Rg2 52. g5 Rg4 53. Ke5 Rxh4
54. Rxc2 Rh1 55. Rc7+ Kg6 56. Rc6+ Kg7 57. Kf5 Ra1 58. Rc7+ Kg8 59. Re7 1-0

[Event "4NCL 2024-25"]
[Site "England ENG"]
[Date "2025.02.15"]
[Round "5.27"]
[White "Hng, Mei-En Emmanuelle"]
[Black "Hryshchenko, Kamila"]
[Result "1-0"]
[WhiteTitle "WFM"]
[BlackTitle "WFM"]
[WhiteElo "2136"]
[BlackElo "2119"]
[WhiteTeam "Barbican 4NCL"]
[BlackTeam "The Sharks 1"]
[WhiteFideId "5804566"]
[BlackFideId "14147491"]
[EventDate "2024.11.23"]

1. Nf3 d6 2. c4 g6 3. d4 Bg7 4. Nc3 Nf6 5. e4 O-O 6. h3 c5 7. Be2 cxd4 8. Nxd4
Nc6 9. Be3 Nd7 10. O-O Nc5 11. Rc1 Bd7 12. Qd2 b6 13. f4 Rc8 14. b3 Qe8 15. f5
Ne5 16. b4 Nb7 17. Nd5 f6 18. Nf4 Nd8 19. b5 e6 20. fxe6 Nxe6 21. Ndxe6 Bxe6 22.
Nxe6 Qxe6 23. Qd5 Rfe8 24. Rfd1 h5 25. a4 Nf7 26. Bf3 f5 27. Qxe6 Rxe6 28. e5
Bxe5 29. Bd5 Re7 30. Rd3 Rec7 31. Bd4 Kg7 32. Be3 Nd8 33. a5 bxa5 34. Rc2 Re7
35. Ra2 Nb7 36. Bxa7 Bf4 37. Bd4+ Kf8 38. Bf6 Rf7 39. Bd4 Rfc7 40. g3 Be5 41.
Bb6 Rxc4 42. Bxb7 Rb8 43. Bf2 Rxb7 44. Rxa5 Rb4 45. Rd5 Kf7 46. b6 Ke6 47. Rdb5
Rxb5 48. Rxb5 d5 49. Kf1 Bf6 50. Ke2 g5 51. Ra5 Kd6 52. Kd3 Bd8 53. Be3 Bxb6 54.
Ra6 Kc6 55. Bxg5 Ra7 56. Rxb6+ Kc7 57. Bf4+ Kxb6 58. Be3+ Kb7 59. Bxa7 Kxa7 60.
Kd4 Kb6 61. Kxd5 Kc7 62. h4 1-0

[Event "4NCL 2024-25"]
[Site "England ENG"]
[Date "2025.02.15"]
[Round "5.31"]
[White "Bazakutsa, Svyatoslav"]
[Black "Gormally, Daniel W"]
[Result "1-0"]
[WhiteTitle "IM"]
[BlackTitle "GM"]
[WhiteElo "2474"]
[BlackElo "2428"]
[WhiteTeam "Wood Green Youth"]
[BlackTeam "Blackthorne"]
[WhiteFideId "14198525"]
[BlackFideId "406465"]
[EventDate "2024.11.23"]

1. c4 e5 2. g3 Nf6 3. Bg2 Bc5 4. d3 O-O 5. Nf3 Nc6 6. Nc3 d6 7. O-O Nd4 8. e3
Nxf3+ 9. Bxf3 c6 10. d4 Bb4 11. Bd2 exd4 12. exd4 Bxc3 13. Bxc3 d5 14. c5 Bf5
15. Bd2 Qd7 16. Bf4 Be4 17. Bg2 Bxg2 18. Kxg2 Rfe8 19. f3 Qf5 20. Qd2 b6 21.
Rac1 Re6 22. Rfe1 Rae8 23. Re5 Qg6 24. Rxe6 Rxe6 25. cxb6 axb6 26. a4 Nh5 27.
Bc7 h6 28. Kf2 Nf6 29. b4 Ne8 30. Bb8 Qf6 31. a5 Qd8 32. Be5 f6 33. Bf4 g5 34.
Be3 bxa5 35. bxa5 Nd6 36. a6 Nc4 37. Qb4 c5 38. Qxc5 Nxe3 39. Qc8 Nd1+ 40. Kg1 1-0

[Event "4NCL 2024-25"]
[Site "England ENG"]
[Date "2025.02.15"]
[Round "5.38"]
[White "Nelson, Jonathan P"]
[Black "Kalaiyalahan, Akshaya"]
[Result "1-0"]
[WhiteTitle "FM"]
[BlackTitle "FM"]
[WhiteElo "2119"]
[BlackElo "2135"]
[WhiteTeam "Blackthorne"]
[BlackTeam "Wood Green Youth"]
[WhiteFideId "404195"]
[BlackFideId "422894"]
[EventDate "2024.11.23"]

1. e4 c5 2. c3 d5 3. exd5 Qxd5 4. d4 g6 5. Nf3 Bg7 6. Be3 Nh6 7. Qb3 Qxb3 8.
axb3 Nf5 9. dxc5 Nxe3 10. fxe3 Be6 11. Bb5+ Bd7 12. Bc4 O-O 13. O-O Nc6 14. b4
a5 15. b5 Ne5 16. Nxe5 Bxe5 17. Nd2 e6 18. Ne4 Rfc8 19. Rfd1 Be8 20. Ra4 Kg7 21.
Rda1 Bd7 22. Rxa5 Rxa5 23. Rxa5 f5 24. Nf2 Rxc5 25. Nd3 Bxh2+ 26. Kxh2 Rxc4 27.
Ne5 Rh4+ 28. Kg3 Re4 29. Nxd7 Rxe3+ 30. Kf2 Rd3 31. Nc5 Rd2+ 32. Kf3 b6 33. Ra7+
Kf6 34. Nd7+ Kg5 35. c4 Rxb2 36. c5 bxc5 37. b6 e5 38. b7 1-0

[Event "4NCL 2024-25"]
[Site "England ENG"]
[Date "2025.02.15"]
[Round "5.41"]
[White "Lagarde, Maxime"]
[Black "Waldhausen Gordon, Frederick"]
[Result "1-0"]
[WhiteTitle "GM"]
[BlackTitle "FM"]
[WhiteElo "2622"]
[BlackElo "2407"]
[WhiteTeam "Cheddleton Savills Catering"]
[BlackTeam "Alba"]
[WhiteFideId "662399"]
[BlackFideId "2409143"]
[EventDate "2024.11.23"]

1. e4 e5 2. Nf3 Nc6 3. Bb5 a6 4. Ba4 Nf6 5. O-O Be7 6. Re1 b5 7. Bb3 O-O 8. a4
Bb7 9. d3 d6 10. Nbd2 Nd7 11. c3 Nc5 12. Bc2 Nxa4 13. Bxa4 bxa4 14. Nc4 f5 15.
Rxa4 Bc8 16. Ne3 f4 17. Nd5 Bf6 18. Rc4 Na5 19. Rxc7 Be6 20. Qa4 Bxd5 21. Qxa5
Bf7 22. b4 Qe8 23. Qb6 Bd8 24. Qxd6 Bxc7 25. Qxc7 Rc8 26. Qxe5 Qxe5 27. Nxe5
Rxc3 28. Bxf4 Re8 29. f3 Rb3 30. Ra1 Rxb4 31. Rxa6 g5 32. Bg3 Rb2 33. Ng4 Rc8
34. h4 gxh4 35. Bxh4 Rd2 36. Ra7 Bg6 37. Bg5 Rd1+ 38. Kh2 Rc6 39. Ra8+ Kg7 40.
Bh6+ Kf7 41. Ne5+ 1-0

[Event "4NCL 2024-25"]
[Site "England ENG"]
[Date "2025.02.15"]
[Round "5.42"]
[White "Gourlay, Iain"]
[Black "Fodor, Tamas Jr."]
[Result "1/2-1/2"]
[WhiteTitle "FM"]
[BlackTitle "GM"]
[WhiteElo "2297"]
[BlackElo "2518"]
[WhiteTeam "Alba"]
[BlackTeam "Cheddleton Savills Catering"]
[WhiteFideId "2401533"]
[BlackFideId "723762"]
[EventDate "2024.11.23"]

1. c4 e5 2. g3 g6 3. d4 Nc6 4. Nf3 exd4 5. Nxd4 Bg7 6. Nxc6 bxc6 7. Bg2 Ne7 8.
Nc3 O-O 9. O-O Rb8 10. Qc2 Nf5 11. e3 h5 12. b3 d5 13. cxd5 cxd5 14. Rd1 d4 15.
Bb2 Ba6 16. Nd5 c6 17. Qxc6 Bb7 18. Qa4 Rc8 19. e4 Bxd5 20. exf5 Bxg2 21. Kxg2
Qd5+ 22. Kg1 h4 23. Rxd4 Bxd4 24. Qxd4 Qxd4 25. Bxd4 h3 26. fxg6 Rfd8 27. gxf7+
Kxf7 28. Bxa7 Ra8 29. Be3 Rxa2 30. Rf1 Rb8 31. Re1 Rxb3 32. Kf1 Rbb2 33. Rc1 Ke6
34. Rc6+ Kd5 35. Rc5+ Kd6 36. Rc1 Rb3 37. g4 Rab2 38. g5 Rb1 39. Rxb1 Rxb1+ 40.
Ke2 Ke6 41. Kf3 Rg1 42. Bf4 Kf5 43. Be3 Rg4 44. Bd2 Rg2 45. Bf4 Rg1 46. Be3 Rg2 1/2-1/2

[Event "4NCL 2024-25"]
[Site "England ENG"]
[Date "2025.02.15"]
[Round "5.47"]
[White "Pert, Max"]
[Black "Swanson, Stephen"]
[Result "1/2-1/2"]
[WhiteTitle "FM"]
[WhiteElo "2323"]
[BlackElo "2156"]
[WhiteTeam "Cheddleton Savills Catering"]
[BlackTeam "Alba"]
[WhiteFideId "456845"]
[BlackFideId "2400251"]
[EventDate "2024.11.23"]

1. d4 g6 2. e4 Bg7 3. Nc3 d6 4. Nf3 a6 5. Be3 Nd7 6. Bd3 c5 7. O-O cxd4 8. Nxd4
Ngf6 9. h3 O-O 10. a4 Ne5 11. f4 Nxd3 12. cxd3 Nh5 13. Qf3 e5 14. Nde2 Nxf4 15.
Nxf4 exf4 16. Qxf4 Be6 17. Qg5 f5 18. Qxd8 Raxd8 19. Rae1 Bxc3 20. bxc3 fxe4 21.
Rxf8+ Rxf8 22. Bh6 Re8 23. Rxe4 Bd7 24. Rd4 Bc6 25. Rxd6 Kf7 26. Kf2 Bxa4 27. c4
Re6 28. Rd8 Re8 29. Rd4 Re5 30. g4 Bd1 31. Be3 a5 32. Rf4+ Ke8 33. d4 Re7 34. d5
Rf7 35. c5 Rxf4+ 36. Bxf4 Bb3 1/2-1/2